| 000 | 00457nam a22001577a 4500 | ||
|---|---|---|---|
| 008 | 230324b |||||||| |||| 00| 0 eng d | ||
| 020 | _a012356915X | ||
| 040 |
_aNational Science Library _cNational Science Library |
||
| 080 |
_aD 681.3.06HTML _bN9 |
||
| 100 | _aHoward, Todd M | ||
| 245 | _aWho's afraid of HTML? | ||
| 260 |
_aCaliforniaL: _bMorgan Kaufmann Publishers, Inc., _c1999 |
||
| 300 | _a196p. | ||
| 650 | _aComputer science | ||
| 942 |
_2udc _cBK |
||
| 999 |
_c14052 _d14052 |
||